Κατάλογος Βιβλιοθηκών Mediterranean College

The Handbook of Health Behavior Change (Record no. 8242)

MARC details
000 -LEADER
fixed length control field 01728cam a22002294a 4500
005 - ΗΜΕΡΟΜΗΝΙΑ ΚΑΙ ΩΡΑ ΤΕΛΕΥΤΑΙΑΣ ΕΝΗΜΕΡΩΣΗΣ
Πεδίο ελέγχου 20250605164330.0
008 - FIXED-LENGTH DATA ELEMENTS--GENERAL INFORMATION
Πεδίο ελέγχου σταθερού μήκους 250528s ||||||||||||||||||||||||d
035 ## - SYSTEM CONTROL NUMBER
System control number 23213
020 ## - ISBN
ISBN 9780826115454
040 ## - ΠΗΓΗ ΚΑΤΑΛΟΓΟΓΡΑΦΗΣΗΣ
Φορέας πρωτότυπης καταλογογράφησης MC Athens Campus Library
Γλώσσα καταλογογράφησης Ελληνικά, Μοντέρνα (1453-)
Modifying agency MC Athens Campus Library
Κανόνες περιγραφικής καταλογογράφησης AACR2
245 1# - ΤΙΤΛΟΣ ΚΑΙ ΔΗΛΩΣΗ ΥΠΕΥΘΥΝΟΤΗΤΑΣ
Τίτλος The Handbook of Health Behavior Change
250 ## - EDITION STATEMENT
Edition statement 3rd
260 ## - PUBLICATION, DISTRIBUTION, ETC.
Name of publisher, distributor, etc. Springer Publishing Company,
Date of publication, distribution, etc. 2009
300 ## - PHYSICAL DESCRIPTION
Extent 834
520 ## - SUMMARY, ETC.
Summary, etc. This handbook sets a standard for conceptually based, empirically validated health behavior change interventions for the prevention and treatment of major diseases. Preface, Theories of Prevention, Culture and Health - Realed Behavior, The Transtheoritical Model of Behavior Change, Relapse Prevention and the Maintenance of Optimal Health, Motivational Interviewing, Interventions for Lifestyle Change, Promoting Dietary Change, Adoption and Maintenance of Safer Sexual Practices, Multiple Risk Behavior Change: What Most Individuals Need, Measurement, The Measurement of Physical Activity, Changes in Substance Use Behavior, Obstacles and Predictors of Lifestyle Change and Adherence, Predictors of Patient Adherence: Patient Characteristics, Adolesent Tobacco Use and the Social Context, Psychological Barriers to Adherence and Lifestyle Change, Lifestyle Change and Adherence Issues within Specific Populations, Lifestyle Interventions for the Young, Health Disparities and Minority Health, Lifestyle Change and Adherence Issues Among Patients with Chronic Diseases, Adherence and HIV: A Lifetime Commitment, Lifestyle Change and Adherence, Index.
700 1# - ΠΡΟΣΘΕΤΗ ΑΝΑΓΡΑΦΗ--ΦΥΣΙΚΟ ΠΡΟΣΩΠΟ
Personal name Ockene Judith K
9 (RLIN) 8793
700 1# - ΠΡΟΣΘΕΤΗ ΑΝΑΓΡΑΦΗ--ΦΥΣΙΚΟ ΠΡΟΣΩΠΟ
Personal name Riekert Kristin A
9 (RLIN) 8794
700 1# - ΠΡΟΣΘΕΤΗ ΑΝΑΓΡΑΦΗ--ΦΥΣΙΚΟ ΠΡΟΣΩΠΟ
Personal name Shumaker Sally A
9 (RLIN) 8795
942 ## - ADDED ENTRY ELEMENTS (KOHA)
Koha item type Books
Holdings
Τύπος τεκμηρίου Βιβλιοθήκη Τρέχουσα τοποθεσία Barcode Αριθμός εισαγωγής Ημερομηνία απόκτησης Ταξιθετικό σύμβολο Αριθμός αντιτύπου Κατάσταση απόσυρσης Κατάσταση χαμένου Κατάσταση κατεστραμμένου Μη δανεισμός Σύνολο δανεισμών Ημερομηνία τελευταίας εμφάνισης Η τιμή ισχύει από
Books MC Athens Campus Library MC Athens Campus Library 9780000082411 7663 05/06/2025 613 SHU 1           05/06/2025 05/06/2025

MC Athens Campus Library
Πατησίων 94 & Κοδριγκτώνος 13, 104 34
Πελλήνης 8 & Πατησίων 107, 112 51
Τ: +30 210 8899600

MC Thessaloniki Campus Library
Ίωνος Δραγούμη 21, 54625 | Ίωνος Δραγούμη 15, 54625
Τ: +30 2310 287779 – Τ: +30 2314 440300